Theory of the integral / (Record no. 136821)

MARC details
000 -LEADER
campo de control de longitud fija 00686nam a2200217 4500
001 - NÚMERO DE CONTROL
campo de control 136821
003 - IDENTIFICADOR DE NÚMERO DE CONTROL
campo de control ES-MaACL
005 - FECHA Y HORA DE LA ÚLTIMA TRANSACCIÓN
campo de control 20230906195233.0
007 - CAMPO FIJO DE DESCRIPCIÓN FÍSICA--INFORMACIÓN GENERAL
campo de control de longitud fija t|
008 - DATOS DE LONGITUD FIJA--INFORMACIÓN GENERAL
campo de control de longitud fija 070214s1964 xxu r ||||1| eng d
100 1# - ENTRADA PRINCIPAL--NOMBRE DE PERSONA
Nombre de persona Saks, Stanislaw.
9 (RLIN) 101638
245 10 - MENCIÓN DEL TÍTULO
Título Theory of the integral /
Mención de responsabilidad, etc. by Dr. Stanislaw Saks ; English translation by L.C. Young ; with two additional notes by Stefan Banach.
250 ## - MENCION DE EDICION
Mención de edición 2nd. rev. ed.
260 ## - PUBLICACIÓN, DISTRIBUCIÓN, ETC.
Lugar de publicación, distribución, etc. New York :
Nombre del editor, distribuidor, etc. Dover Pub.,
Fecha de publicación, distribución, etc. 1964.
300 ## - DESCRIPCIÓN FÍSICA
Extensión XV, 343 p. ;
Dimensiones 21 cm.
650 00 - PUNTO DE ACCESO ADICIONAL DE MATERIA--TÉRMINO DE MATERIA
Término de materia o nombre geográfico como elemento de entrada Integrales.
9 (RLIN) 13841
650 00 - PUNTO DE ACCESO ADICIONAL DE MATERIA--TÉRMINO DE MATERIA
Término de materia o nombre geográfico como elemento de entrada Cálculo integral.
9 (RLIN) 10672
700 1# - ENTRADA AGREGADA--NOMBRE PERSONAL
Nombre de persona Young, L. C.
9 (RLIN) 117698
700 1# - ENTRADA AGREGADA--NOMBRE PERSONAL
Nombre de persona Banach, Stefan.
9 (RLIN) 25153
852 ## - LOCALIZACIÓN
Ubicación ES-MaACL
Número de control de estantería C-42227
Holdings
Estatus retirado Estado de pérdida Estado de daño No para préstamo Biblioteca de origen Biblioteca actual Ubicación en estantería Fecha de adquisición Fuente de adquisición Total de préstamos Signatura topográfica completa Código de barras Visto por última vez Precio de reemplazo Tipo de ítem Koha
        Biblioteca del Ateneo de Madrid Biblioteca del Ateneo de Madrid Depósito 2 17/01/2008     C-42227 1142388 23/02/2023 23/02/2023 Libro impreso